| 000 | 00435nam a22001457a 4500 | ||
|---|---|---|---|
| 020 | _a0-590-42497-1 | ||
| 082 |
_a823 _bMAR/D |
||
| 100 | _aANN M MARTIN | ||
| 245 |
_aTHE BABYSITTERS CLUB _bDAWN'S WICKED STEPSISTER |
||
| 260 |
_aUSA _bSCHOLASTIC.INC _c1990 |
||
| 300 | _a153 | ||
| 520 | _aDAWN'S ALWAYS WANTED A SISTER. INSTEAD, SHE GOT MARY ANNE, THE WICKED STEPSISTER OF STONEYBROOK! | ||
| 650 | _aDAWN'S WICKED STEPSISTER | ||
| 942 | _cBK | ||
| 999 |
_c479 _d479 |
||